| Поле | Инд. | ПП | Название | Значение |
|---|---|---|---|---|
| Тип записи | a | |||
| Библиографический уровень | b | |||
| 001 | Контрольный номер | 90f1e6f174084ec086d666ae100278c6 | ||
| 005 | Дата корректировки | 20241219160144.0 | ||
| 080 | a | Индекс УДК | 332.285.6 | |
| 097 | b | Оператор | *X* | |
| 100 | 1_ | a | Автор | Карцева В.В. |
| 245 | 10 | a | Заглавие | Особенности правового регулирования аренды земельных участков в Российской Федерации |
| p | Название части/ раздела | - Текст : электронный | ||
| b | Продолж. заглавия | статья | ||
| 260 | a | Место издания | Тверь | |
| b | Издательство | ТвГТУ | ||
| c | Дата издания | 2024 | ||
| 520 | 0_ | a | Аннотация | В статье рассмотрено правовое регулирование аренды земельных участков в Российской Федерации. Особое внимание уделено особенностям этого вида договора, связанным с государственной и муниципальной собственностью на землю. Отмечена важность прозрачности и контроля со стороны государственных органов, исследованы вопросы и проблемы в практике заключения и исполнения договоров аренды земельных участков. |
| 653 | 0_ | a | Ключевые слова | Аренда земельных участков |
| a | Ключевые слова | Договор аренды | ||
| a | Ключевые слова | Арендная плата | ||
| a | Ключевые слова | Государственная и муниципальная собственность | ||
| a | Ключевые слова | Правовое регулирование | ||
| 700 | 12 | a | Другие авторы | Захаров В.С. |
| 773 | 18 | w | Контрольный № источника | 5a8a95623d9f4cada952db9e37d68de2 |
| t | Название источника | Саморазвивающаяся среда технического вуза: научные исследования и экспериментальные разработки | ||
| d | Место и дата издания | Тверь : ТвГТУ, 2024 | ||
| g | Прочая информация | С. 169-175 | ||
| 900 | a | Имя макрообъекта | 001-000159648-000000000-0000-0000-01 | |
| 901 | t | Тип документа | b | |
| 950 | a | Редактор записи | гм | |
| 951 | i | EL-ТГТУ? | Да |